000 00874nas a2200325 4500
001 BR8204699
003 BR-BrBNA
005 20231205085225.0
007 ta
008 230509b bl.|||p| |||| 00| 00por d
040 _aBR-BrBNA
_bpor
_cBiblioteca Nacional de Agricultura
041 _a(Pt)
072 _aH20
100 1 _aYorinori, J.T.
100 1 _aAlmeida, A.M.R.
100 1 _aHomechin, M.
245 1 _aOs fungos que atacam o girassol
650 _aFUNGO
650 _aGIRASSOL
650 _aMILDIO
650 _aFERRUGEM
650 _aOIDIO
650 _aPODRIDAO NEGRA
650 _aPODRIDAO DA RAIZ
650 _aMURCHA DE VERTICILLIUM
650 _aRHIZOCTONIOSE
773 0 _tAgricultura de Hoje (Brazil)
_xISSN 0100-5707
_g(Nov-Dec 1982), v. 7(85) p. 36-38
_wBR8204699
909 _a202311
_bLúcia
_c55
_dLúcia Elande
942 _2AGRIS
_n0
_cANA
999 _c110085
_d110085